Les libertés publiques

Salvato in:
Dettagli Bibliografici
Autore principale: Burdeau, Georges (Autore)
Natura: Libro
Lingua:francese
Pubblicazione: París Librairie Générale de Droit et de Jurisprudence 1966
Edizione:3a. ed
Soggetti:
Tags: Aggiungi Tag
Nessun Tag, puoi essere il primo ad aggiungerne!!

MARC

LEADER 00000nam a2200000 a 4500
001 UCT9781
003 CL-VaPUC
008 970411e19660000FR |||||||||||||||||fre|d
082 0 4 |a 323.47  |b BUR  |2 21 
100 0 |a Burdeau, Georges  |e author  |9 382790 
245 1 4 |a Les libertés publiques 
250 |a 3a. ed 
300 |a 422 p 
942 |c BK 
945 |d 19970411 00:00:00  |a paguirre 
260 |a París  |b Librairie Générale de Droit et de Jurisprudence  |c 1966 
650 0 |a Derechos civiles y políticos   |9 338684 
650 7 |a DERECHO DE REUNION  |2 CL-VaPUC  |9 381878 
650 7 |a DERECHO DE ASOCIACION  |2 CL-VaPUC  |9 382791 
650 7 |a DERECHO A LA LIBERTAD DE EXPRESION  |2 CL-VaPUC  |9 345571 
650 0 |a Derecho constitucional   |9 222588 
583 |a last modification  |c 19970411 00:00:00  |k Rodrigo Vera 
999 |c 258160  |d 258158 
952 |0 0  |1 0  |4 0  |6 323_470000000000000_BUR_1966  |7 0  |8 A  |9 282009  |a BIBDER  |b BIBDER  |d 2019-11-19  |i 1876791  |o 323.47 BUR 1966  |p 1876791  |r 2023-01-25  |w 2019-11-19  |y BK  |k DER